Der Bettel-Dichter als Rechtsfreund, und Die Gerichts-Pflege des Unterreichs; oder: Die jủngste Verkủndigung, und Die Vertheidigung eines angeblichen Narren Erster Theil

Bibliographic Details
Main Author: Illiny, György, 19. storočie (Author)
Corporate Author: Tóth von Csögle, Ludwig (Miškovec, Maďarsko) (Printer)
Other Authors: Tóth von Csögle, Ludwig, 19. storočie (Printer)
Format: Book
Language:German
PhysicalDescription:99 strán, 1 nečíslovaný list 8° 21 × 14 cm
Published: Miskolcz, gedruckt bei Ludwig Tóth v. Csögle. 1845
Subjects:

MARC

LEADER 00000nam a2200000 4500
001 vtls012289009
003 SK-MaSNL
005 20260301061519.0
008 251215s1845 hu f 000 0 ger
040 |a SNKHF  |b slo  |c SNK  |e rda 
041 0 |a ger 
044 |a hu  |c HU 
072 7 |a 82-1/-8  |x Literatúra rôznych foriem a žánrov (o nej)  |2 konspekt 
080 |a 82-1/-9  |2 2011 
080 |a 82-1  |2 2011 
100 1 |a Illiny, György,  |d 19. storočie  |4 aut  |9 374688 
245 1 4 |a Der Bettel-Dichter als Rechtsfreund, und Die Gerichts-Pflege des Unterreichs;  |b oder: Die jủngste Verkủndigung, und Die Vertheidigung eines angeblichen Narren  |n Erster Theil 
246 3 4 |a Der Bettel-Dichter als Rechtsfreund, und Die Gerichts-Pflege des Unterreichs;  |b oder: Die jủngste Verkủndigung, und Die Vertheidigung eines angeblichen Narren  |n Erster Theil 
264 1 |a Miskolcz,  |b gedruckt bei Ludwig Tóth v. Csögle.  |c 1845 
300 |a 99 strán, 1 nečíslovaný list  |c 8°  |c 21 × 14 cm 
336 |a text  |b txt  |2 rdacontent 
337 |a bez média  |b n  |2 rdamedia 
338 |a zväzok  |b nc  |2 rdacarrier 
500 |a Linky 
510 4 |a WorldCat  |c 1015118064 
546 |a Nemčina  |b Fraktúra 
561 |a Proveniencia: Pečiatka Dr. E. Kadarász-vernot Poz Margity Zayovej.  |5 SNK IC 146576/1 
563 |a Väzba: béžová papierová lepenková obálka.  |5 SNK IC 146576/1 
650 0 7 |a umelecká literatúra  |2 SNKPH  |9 1488 
650 0 7 |a poézia  |2 SNKPH  |9 1274 
655 7 |a básne  |2 SNKPH  |9 86731 
700 1 |a Tóth von Csögle, Ludwig,  |d 19. storočie  |4 prt  |9 374689 
700 1 |a Zaiová, Margita,  |d 1868-1937  |4 fmo  |5 SNK IC 146576/1  |9 186369 
710 0 |a Tóth von Csögle, Ludwig (Miškovec, Maďarsko)  |4 prt  |9 374690 
752 |a Maďarsko  |d Miškovec 
852 |a Slovenská národná knižnica  |b Zaiova knižnica: Zay 13 004 (Z 15 154)  |p IC 146576/1 
958 |a DF 
958 |a ONDV 
999 |c 617596  |d 619526 
952 |t Zay 13 004 (Z 15 154)  |a SNK  |b SNK  |c SNK_HF  |y PREZ  |7 0  |p 17A1569706  |o snkIC 146576/1  |i snk2025/20197  |8 5  |0 0  |1 0  |4 0  |d 2025-12-15  |l 0  |r 2026-02-23 16:43:53  |w 2026-02-23